| 000 -CABECERA |
| Longitud fija campo de control |
01100nam a2200241 i 4500 |
| 001 - NÚMERO DE CONTROL |
| Número de control |
991058478168306706 |
| 003 - IDENTIFICADOR DEL NÚMERO DE CONTROL |
| Identificador del número de control |
OSt |
| 005 - FECHA Y HORA DE LA ÚLTIMA TRANSACCIÓN |
| Fecha y hora de la última transacción |
20241230120118.0 |
| 006 - CÓDIGOS DE INFORMACIÓN DE LONGITUD FIJA - CARACTERÍSTICAS DEL MATERIAL ADICIONAL |
| Códigos de información de longitud fija - Caracter&íacute;sticas del material adicional |
m o d | |
| 007 - CAMPO FIJO DE DESCRIPCIÓN FÍSICA |
| Campo fijo de descripción f&íacute;sica |
cr ||||||||||| |
| 008 - CÓDIGOS DE INFORMACIÓN DE LONGITUD FIJA |
| Códigos de información de longitud fija |
201029s2019 sp a ob 000 0 spa d |
| 040 ## - FUENTE DE LA CATALOGACIÓN |
| Centro catalogador de origen |
CDMR |
| Centro transcriptor |
CDMR |
| Lengua de catalogación |
cat |
| 245 10 - MENCIÓN DE TÍTULO |
| Título |
Evitació de notícies en població jove resident a Catalunya [Recurs electrònic] |
| Resto del título |
: variables predictores i línies d'actuació : informe de recerca |
| Mención de responsabilidad, etc. |
/ Laura Pérez Altable ...[et al.] |
| 260 ## - PUBLICACIÓN, DISTRIBUCIÓN, ETC. (PIE DE IMPRENTA) |
| Lugar de publicación, distribución, etc. |
Barcelona |
| Nombre del editor, distribuidor, etc. |
: UPF, |
| Fecha de publicación, distribución, etc. |
2024 |
| 300 ## - DESCRIPCIÓN FÍSICA |
| Extensión |
28 pàgines (PDF) |
| 508 ## - NOTA DE CRÉDITOS DE CREACIÓN O PRODUCCIÓN |
| Nota de créditos de creación o producción |
Finançat conjuntament per la Càtedra Futurs de la Comunicació i els ajuts SGR del grup DigiDoc |
| 650 #0 - PUNTO DE ACCESO ADICIONAL DE MATERIA - TÉRMINO DE MATERIA |
| 9 (RLIN) |
4515 |
| Término de materia o nombre geográfico como elemento inicial |
Mitjans de comunicació de massa i joves |
| 650 #0 - PUNTO DE ACCESO ADICIONAL DE MATERIA - TÉRMINO DE MATERIA |
| 9 (RLIN) |
921 |
| Término de materia o nombre geográfico como elemento inicial |
Mitjans de comunicació de massa |
| Subdivisión de materia general |
Aspectes sociològics |
| 700 ## - PUNTO DE ACCESO ADICIONAL - NOMBRE DE PERSONA |
| 9 (RLIN) |
4998 |
| Nombre de persona |
Pérez Altable, Laura |
| 710 2# - PUNTO DE ACCESO ADICIONAL - NOMBRE DE ENTIDAD |
| 9 (RLIN) |
619 |
| Nombre de entidad o nombre de jurisdicción como elemento inicial |
Universitat Pompeu Fabra |
| Unidad subordinada |
. Càtedra Futurs de la Comunicació |
| 856 ## - LOCALIZACIÓN Y ACCESO ELECTRÓNICO |
| Identificador Uniforme del Recurso (URI) |
<a href="https://repositori-api.upf.edu/api/core/bitstreams/08fb6727-cb06-46de-a3a0-cb0c84925189/content">https://repositori-api.upf.edu/api/core/bitstreams/08fb6727-cb06-46de-a3a0-cb0c84925189/content</a> |
| Texto del enlace |
Accés en línia |
| 942 ## - ENTRADA DE ELEMENTOS AGREGADOS (KOHA) |
| Fuente de clasificaión o esquema |
|
| Koha [por defecto] tipo de item |
Recursos en línia |